000
00316nam a2200133Ia 4500
008
200103s9999||||xx |||||||||||||| ||und||
040
_a
IMU-MPC
082
_a
Column-49
100
_a
Higgins, J. C.
245
0
_a
Problems in Electronics
260
_b
Edward Arnold & Co., London
_c
1964
300
_a
288
942
_c
BK
999
_c
9672
_d
9672